Cluster based analysis of digital forensic investigation (Record no. 356207)

000 -LEADER
fixed length control field 00471nam a2200145 4500
082 ## - DEWEY DECIMAL CLASSIFICATION NUMBER
Classification number MSIT-15 MAR
100 ## - MAIN ENTRY--PERSONAL NAME
Personal name Marriam Ghaffar
245 ## - TITLE STATEMENT
Title Cluster based analysis of digital forensic investigation
260 ## - PUBLICATION, DISTRIBUTION, ETC.
Place of publication, distribution, etc. Islamabad
Name of publisher, distributor, etc. NUST-SEECS
Date of publication, distribution, etc. 2018
300 ## - PHYSICAL DESCRIPTION
Extent 46p.
Accompanying material CD Includes
856 ## - Uniform Resource Identifier
Uniform Resource Identifier <a href="http://10.250.8.41:8080/xmlui/handle/123456789/17318">http://10.250.8.41:8080/xmlui/handle/123456789/17318</a>
942 ## - ADDED ENTRY ELEMENTS (KOHA)
Source of classification or shelving scheme
Koha item type Thesis
Holdings
Withdrawn status Lost status Source of classification or shelving scheme Damaged status Not for loan Collection code Permanent Location Current Location Shelving location Date acquired Source of acquisition Total Checkouts Full call number Barcode Date last seen Price effective from Koha item type Non-public note
            Central Library (CL) Central Library (CL) General Stacks 03/01/2018 NUST-SEECS   MSIT-15 MAR SEECSP02277 03/01/2018 03/01/2018 Project Report  
            Central Library (CL) Central Library (CL) Thesis 12/27/2019     004 MSIT-15 MAR CL-T-4429 12/27/2019 12/27/2019 Thesis Minute Sheet No. 0929/02/CL/Survey/5 dated 23rd April 2024 E-MIN ID 114741
© 2023 Central Library, National University of Sciences and Technology. All Rights Reserved.